Monumenti e luoghi di interesse - Milano - Statistics

Statistiche generali
  • Questo quiz è stato fatto 268 volte
    244 dall'ultimo reset
  • Il punteggio medio è 13 su 21
Statistiche sulle risposte
con Immagini Risposta % Corretto
Castello Sforzesco
93%
Duomo
92%
Stadio San Siro/Stadio Giuseppe Meazza
90%
Galleria Vittorio Emanuele II
87%
Bosco Verticale
80%
City Life
78%
Arco della Pace
77%
Ultima Cena/Cenacolo/Santa Maria delle Grazie
77%
Basilica di Sant'Ambrogio
65%
Stazione Centrale
64%
Pinacoteca di Brera
58%
Parco Sempione
57%
Cimitero Monumentale
55%
Colonne di San Lorenzo/Basilica di San Lorenzo
54%
Darsena
53%
Piazza Gae Aulenti/Torre UniCredit
50%
Teatro alla Scala
50%
Torre Velasca
40%
Arena Civica Gianni Brera
33%
Piazza dei Mercanti
23%
Torre Diamante
7%
Nessun quiz corrispondente trovato
Distribuzione punteggi
Percentuale di utenti per punteggio
Percentile per numero di risposta
I tuoi punteggi nel tempo
Non hai fatto questo quiz dall'ultimo reset